Για μια νέα πολιτική διεθνούς αναπτύξεως
Αποθηκεύτηκε σε:
| Κύριος συγγραφέας: | |
|---|---|
| Μορφή: | Βιβλίο |
| Γλώσσα: | Greek |
| Δημοσίευση: |
Αθήνα :
Παπαζήσης,
1977.
|
| Θέματα: | |
| Ετικέτες: |
Προσθήκη ετικέτας
Δεν υπάρχουν, Καταχωρήστε ετικέτα πρώτοι!
|
MARC
| LEADER | 00000cam a2200000 i 4500 | ||
|---|---|---|---|
| 001 | 1/43701 | ||
| 008 | 960426s1977 gr | ||| |||| ||gre|| | ||
| 035 | |l 10025831 | ||
| 040 | |a GR-MY-UA |b gre |e aacr | ||
| 041 | 0 | |a gre | |
| 082 | 7 | |a 338.91 |2 (22) | |
| 100 | 1 | |a Αγγελόπουλος, Αγγελος Θ., |d 1904-1995. | |
| 245 | 1 | 0 | |a Για μια νέα πολιτική διεθνούς αναπτύξεως / |c Αγγελου Θ. Αγγελόπουλου. |
| 260 | |a Αθήνα : |b Παπαζήσης, |c 1977. | ||
| 300 | |a 213 σ. ; |c 24 εκ. | ||
| 650 | 0 | 0 | |a Economic development. |
| 650 | 0 | 0 | |a Economic policy. |
| 852 | |a INST |b CHIOS |e 19960503 |h 338.91 ΑΓΓ |p 005200000296 |q 005200000296 |t BK |y 0 | ||
| 852 | |a INST |b CHIOS |e 19960426 |h 338.91 ΑΓΓ |p 005200005644 |q 005200005644 |t BK |y 0 | ||
| 852 | |a INST |b CHIOS |e 19960426 |h 338.91 ΑΓΓ |p 005200005646 |q 005200005646 |t BK |y 0 | ||
| 852 | |a INST |b LESVOS |e 20000525 |h 338.91 ΑΓΓ |p 005100021033 |q 005100021033 |t BK |y 0 | ||
| 852 | |a INST |b LESVOS |e 20000531 |h 338.91 ΑΓΓ |p 005100023366 |q 005100023366 |t BK |y 0 | ||
| 901 | |a BIBL1-2000-2 | ||
| 909 | |a Λ |b 034846 | ||
| 909 | |a Λ |b 044266 | ||
| 909 | |a Χ |b 003610 | ||
| 909 | |a Χ |b 003611 | ||
| 909 | |a Χ |b 000479 | ||
| 920 | |a ΔΩΡΕΑ ΒΙΒΛΙΟΘΗΚΗΣ |y Λέσβος |z 1996-02 | ||
| 920 | |a ΣΚΟΥΡΤΟΣ |b ΜΙΧΑΛΗΣ |y Χίος |z 1994-02 | ||
| 970 | |z 2000/05 | ||